| 000 | 00371nam a22001577a 4500 | ||
|---|---|---|---|
| 003 | SGT | ||
| 020 | _a978-8181915023 | ||
| 082 |
_a617.0707 _bO19N |
||
| 100 | _aNayak, Sushruth | ||
| 245 | _aTEXTBOOK OF ORAL PATHOLOGY | ||
| 250 | _a1st | ||
| 260 |
_aDelhi India _bParas Medical Publishers _c2019 |
||
| 300 | _a1-262 | ||
| 650 | _aORAL PATHOLOGY | ||
| 942 |
_2ddc _cBK |
||
| 999 |
_c21865 _d21865 |
||